| 000 | 00379nam a2200169Ia 4500 | ||
|---|---|---|---|
| 100 | _aKumar/Ranjit | ||
| 650 | _aResearch methodology | ||
| 942 | _cBK | ||
| 366 | _f25 | ||
| 654 | _aresearch methodology | ||
| 245 | _aResearch methodology: A step by step guide for beginners | ||
| 260 |
_bsage _c2014 |
||
| 082 | _bKUM | ||
| 300 | _a399 | ||
| 546 | _aENGLISH | ||
| 999 |
_c30721 _d30721 |
||